000 00300nam a2200121Ia 4500
008 190902s9999||||xx |||||||||||||| ||und||
020 _a1-56052-264-x
100 _aKarl A.Smith
245 0 _aProject Management and Teamwork
260 _aNew York
_bMcGraw Hill
_c119
300 _a2000
942 _cBK
999 _c2777
_d2777